000 01075nam a2200229Ia 4500
003 OSt
005 20250625095940.0
008 220923b |||||||| |||| 00| 0 eng d
037 _cReference
040 _aRTL
_cRTL
_beng
041 _2eng
_aeng
084 _aB217 K0/SC
_qRTL
100 _aHalmos, Paul R.
_9154527
245 0 _aNaive set theory.
260 _aPrincenton
_bD. Van Nostrand Company, Inc.
_c1960
300 _avii, 104 p.
_ccm.
_bIncludes index
490 _aUniversity Series in Undergraduate Mathematics
520 _aHalmos begins, "Every mathematician agrees that every mathematician must know some set theory; the disagreement begins in trying to decide how much is some. This book contains my answer ... with the minimum of philosophical discourse and logical formalism." The mathematician, scientist, or engineer who needs to know the facts of set theory will find this crisp, clear, concise book, by a master expositor, ideal.
650 _aMathematics
942 _hB217 K0/SC
_cREF
_2CC
_n0
999 _c649578
_d649578